Поэтика и метафизика художественного высказывания (Запись № 11759891)

Подробности
000 -МАРКЕР
контрольное поле 02033nam0a2200361 i 4500
001 - ИДЕНТИФИКАТОР ЗАПИСИ
контрольное поле RU\NLR\BIBL_A\011452416
005 - ИДЕНТИФИКАТОР ВЕРСИИ
контрольное поле 20260407075720.0
010 ## - МЕЖДУНАРОДНЫЙ СТАНДАРТНЫЙ НОМЕР КНИГИ (ISBN)
Номер (ISBN) 9785864656600
Тираж 200
035 ## - ДРУГИЕ СИСТЕМНЫЕ НОМЕРА
Идентификатор записи (NLR Aleph) 011452416
100 ## - ДАННЫЕ ОБЩЕЙ ОБРАБОТКИ
Данные общей обработки 20170809d2015 k y0rusy50 ca
101 0# - ЯЗЫК РЕСУРСА
Язык текста, звукозаписи и т.д. русский
-- английский
-- немецкий
102 ## - СТРАНА ПУБЛИКАЦИИ ИЛИ ПРОИЗВОДСТВА
Страна публикации российская федерация
105 ## - ПОЛЕ КОДИРОВАННЫХ ДАННЫХ: ТЕКСТОВЫЕ МАТЕРИАЛЫ, МОНОГРАФИЧЕСКИЕ
Кодированные данные о монографическом текстовом документе c z 000zy
200 1# - ЗАГЛАВИЕ И СВЕДЕНИЯ ОБ ОТВЕТСТВЕННОСТИ
Основное заглавие Поэтика и метафизика художественного высказывания
Сведения, относящиеся к заглавию сборник научных статей к 70-летию доктора филологических наук, профессора Николая Тимофеевича Рымаря
Первые сведения об ответственности Министерство образования и науки Российской Федерации, Федеральное государственное бюджетное образовательное учреждение высшего профессионального образования "Самарский государственный университет"
205 ## - СВЕДЕНИЯ ОБ ИЗДАНИИ
Сведения об издании Изд. 2-е, испр. и доп.
210 ## - ПУБЛИКАЦИЯ, РАСПРОСТРАНЕНИЕ И ДР.
Место издания, распространения и т.д. Самара
Имя издателя, распространителя и т. д. Самарский университет
Дата издания, распространения и т.д. 2015
215 ## - ФИЗИЧЕСКАЯ ХАРАКТЕРИСТИКА
Специфическое обозначение материала и объем 303 с.
Другие сведения о физической характеристике портр.
Размеры 21
300 ## - ОБЩИЕ ПРИМЕЧАНИЯ
Текст примечания Текст на рус., англ., нем. яз.
320 ## - ПРИМЕЧАНИЯ О НАЛИЧИИ В ДОКУМЕНТЕ БИБЛИОГРАФИИ / УКАЗАТЕЛЯ
Текст примечания Библиогр. в конце ст.
600 #1 - ИМЯ ЛИЦА КАК ПРЕДМЕТ
Начальный элемент ввода Рымарь
Часть имени, кроме начального элемента ввода Н. Т.
Даты 1945
Расширение инициалов личного имени Николай Тимофеевич
Системный номер авторитетной/нормативной записи 2395161
Идентификатор авторитетной/нормативной записи RU\NLR\AUTH\661428104
606 1# - НАИМЕНОВАНИЕ ТЕМЫ КАК ПРЕДМЕТ
Наименование темы Мировая литература
Формальный подзаголовок Сборники
Системный номер авторитетной/нормативной записи 1642914
Идентификатор авторитетной/нормативной записи RU\NLR\AUTH\66726713
686 1# - ИНДЕКСЫ ДРУГИХ КЛАССИФИКАЦИЙ
Индекс Ш5(0)я43
686 2# - ИНДЕКСЫ ДРУГИХ КЛАССИФИКАЦИЙ
Индекс Ш4г(2)7дРымарь
702 #1 - ИМЯ ЛИЦА - ВТОРИЧНАЯ ОТВЕТСТВЕННОСТЬ
Код отношения Прочие
Материалы, к которым относится поле rus
Графика поля Кириллица
Начальный элемент ввода Рымарь
Часть имени, кроме начального элемента ввода Н. Т.
Даты 1945-
Расширение инициалов личного имени Николай Тимофеевич
Идентификатор авторитетной/нормативной записи RU\NLR\AUTH\77256
Системный номер авторитетной/нормативной записи 110314
712 02 - НАИМЕНОВАНИЕ ОРГАНИЗАЦИИ - ВТОРИЧНАЯ ОТВЕТСТВЕННОСТЬ
Код отношения Прочие
Начальный элемент ввода Самарский государственный университет
Идентификатор авторитетной/нормативной записи RU\NLR\AUTH\884519
Системный номер авторитетной/нормативной записи 280558
942 ## - ДОПОЛНИТЕЛЬНЫЕ ЭЛЕМЕНТЫ ЗАПИСИ (АБИС)
Тип экземпляра АБИС Книга
980 ## - КОЛЛЕКЦИЯ
Название коллекции НБР

Нет доступных экземпляров.